000 00854nam a2200253Ia 4500
003 OSt
005 20220925205808.0
006 a|||||r|||| 00| 0
007 ta
008 220923b |||||||| |||| 00| 0 eng d
020 _a9788125061298
_c1230.00
037 _b275, 02/02/2018, CLASSIC BOOKS SERVICES
_cGeneral Book
040 _aRTL
_cRTL
_beng
041 _2eng
_aeng
082 _aW:77.560j7.M30<-K00, Q6
100 _aEACOTT Jonathan
_9271036
245 0 _aSelling empire
_b Indian in the making of Britain and America 1600-1830
260 _aHuderabad
_bOrient Blackswan
_c2106
300 _avii,455p
_ccm.
500 _aBibliography: p 256-274
650 _aSociology
942 _hW:77.560j7.M30<-K00, Q6
_cGB
_2CC
999 _c553222
_d553222